000 00925cam a2200229 4500
001 ABS62632
008 000000n2000 000 0 eng u
035 _a(Sirsi) u107634
100 _aVivian, J.
245 _aFlexible friends
260 _c2000
490 _aProperty Week
_v65(27) 21 July 2000, 70-71(2)
520 _aLooks at the important issue of lease flexibility, and questions whether the Landlord and Tenant Act 1954 is outdated in light of tenants' wishes for more flexible lease terms. Covers contracting out; expiration of a contracted-out letting; the need for change and agreements to surrender.
590 _aABS
650 _aLANDLORD AND TENANT ACT 1954
650 _aFLEXIBLE LEASES
650 _aAGREEMENTS TO SURRENDER
650 _aCONTRACTING OUT
650 _aMETROPOLITAN POLICE RECEIVER V PALACE GATE PROPERTIES LTD
690 _aLANDLORD AND TENANT-BUSINESS TENANCIES
942 _n0
999 _c64312
_d64312